The gardener's guide to cactus : the 100 best paddles, barrels, columns, and globes

Bibliographic Details
Main Author: Calhoun, Scott
Format: Book
Published: London : Timber Press , 2010
Edition:1st ed
Subjects:

MARC

LEADER 00000cam a2200000 7i4500
001 0000166684
005 20121023.0
020 |a 9781604692006 
090 0 0 |a 583.56   |b CAL 
100 1 |a Calhoun, Scott 
245 1 4 |a The gardener's guide to cactus :   |b the 100 best paddles, barrels, columns, and globes   |c Scott Calhoun 
250 |a 1st ed 
260 |a London :   |b Timber Press ,   |c 2010 
300 |a 227p. ;   |c 23cm. 
650 0 0 |a Cactus 
650 0 0 |a Gardening 
999 |a 00263505   |b BUKU   |c PINJAMAN   |e PERPUSTAKAAN KOMUNITI PETALING JAYA